000 004330000a22001930004500
650 _aNepali literature
650 _aNepali poetry
015 _aNNB
082 _aN895.511
_bBh396m
_cCS
518 _a20051130
530 _aM
100 _aBhatta, Ram Krishna
245 _aMero rahar; kavita sangraha
260 _aBaitadi
_bLekhak svayam, Nepal
260 _c2059 B.S.
300 _a156p.
041 _aNep
942 _cGEN
999 _c35141
_d35141